000 00365cam a2200145ua 4500
003 OSt
008 240203b |||||||| |||| 00| 0 eng d
041 _aeng
082 _a658.001
_bMAL/CA
100 _aMalhotra, A.M .
_95280
245 _aCAT Common Admission Test /
260 _aNew Delhi :
_bBright careers institute ,
_c2009.
300 _a ; .
942 _cBK
999 _c13542
_d13542